Econometrics : an introductory analysis /

Bibliographic Details
Main Author: Hu, Teh-wei
Format: Book
Language:English
Published: Baltimore : University Park Press, [1982]
Edition:2nd ed.
Subjects:

MARC

Tag First Indicator Second Indicator Subfields
LEADER 00000cam a2200000 a 4500
001 in00000089422
005 20151008063441.0
008 810706s1982 mdua b 00110 eng
010 |a  81011443  
020 |z 0839116979 
035 |a (OCoLC)08108767 
035 |9 AAK2255AM 
039 0 |a 2  |b 3  |c 3  |d 3  |e 3 
040 |a DLC  |c DLC  |d TXA  |d UtOrBLW 
049 |a TXAM  |c [932968] 
050 0 0 |a HB139  |b .H8 1982 
082 0 |a 330/.028  |2 19 
100 1 |a Hu, Teh-wei. 
245 1 0 |a Econometrics :  |b an introductory analysis /  |c Teh-wei Hu. 
250 |a 2nd ed. 
264 1 |a Baltimore :  |b University Park Press,  |c [1982] 
264 4 |c ©1982 
300 |a x, 194 pages :  |b illustrations ;  |c 23 cm. 
336 |a text  |b txt  |2 rdacontent 
337 |a unmediated  |b n  |2 rdamedia 
338 |a volume  |b nc  |2 rdacarrier 
500 |a Includes index. 
504 |a Bibliography: pages 181-184. 
650 0 |a Econometrics. 
999 |a MARS 
999 f f |s 58081560-7247-3aa9-a2ac-5d28e7f5b0dc  |i 867469ee-097b-3030-83a2-f1672c9cd440  |t 0 
952 f f |p ric  |a Texas A&M University  |b Rellis Campus  |c Joint Library Facility  |d Remote Storage  |t 0  |e HB139 .H8 1982  |h Library of Congress classification  |i unmediated -- volume  |m A14806119236 
998 f f |a HB139 .H8 1982  |t 0  |l Remote Storage